000 00439nam a22001697a 4500
005 20251108171934.0
008 250721s1996 xx 000 0 ara d
082 1 4 _a133.4/هند
100 1 _aالشريف، هندي محمد
245 1 0 _aوقفات مع عالم الجن /
264 1 _aعمان :
_bالمؤلف،
_c1996.
300 _a100ص
650 1 7 _aالجن
650 1 7 _aالسحر
942 _2ddc
_cBK
999 _c66387
_d66387